Investigation of soil compaction within a selected field by measurement of penetrometric soil resistance

Bibliographic Details
Main Author: Halas, Ján (Author)
Format: Article
Language:English
PhysicalDescription:Obr., tab.
ISBN:8089128173
Subjects:

MARC

LEADER 00000nab a2200000 ar4500
001 vtls009469436
003 SK-MaSNL
005 20260303054024.0
008 090205c2005 xo |||||||||||000 b|eng
015 |a SNBRA2009/02  |2 snkbucl 
038 |a SNKBUCL 
040 |a SNKBUCL  |b slo  |c SNKBUCL  |e AACR2 
041 1 |a eng  |b eng  |b slo 
044 |a xo  |c SK 
080 |a 631.431.7  |2 1997 
100 1 |a Halas, Ján  |4 aut  |9 313551 
245 1 0 |a Investigation of soil compaction within a selected field by measurement of penetrometric soil resistance  |c Ján Halas 
246 3 1 |a Prieskum pôdnej kompakcie na vybranom hone ornej pôdy metódou penetrometrie 
300 |b Obr., tab. 
504 |a Bibliogr. odkazy 
546 |a Res. angl., slov. 
650 0 7 |a zhutnenie pôdy  |2 snkbucl  |9 838153 
650 0 7 |a meranie  |2 snkbucl  |9 884 
650 0 7 |a penetrometre  |2 snkbucl  |9 1013266 
650 0 7 |a prieskum pôd  |2 snkbucl  |9 98642 
773 0 |t Vedecké práce. 27. 2005 = Proceedings. 27. 2005  |d Bratislava : Výskumný ústav pôdoznalectva a ochrany pôdy, 2005  |g S. 23-28  |z 8089128173 
852 |a SNK  |b KIS3GCP 
958 |a NB 
999 |c 1721672  |d 1723602